000 00280nam a22001337a 4500
003 SGT
082 _a616.24
_bE19Y
100 _aYADAV, PREETI
245 _aEFFECT OF PILATES ON LOWER LIMB
260 _aSGTU
_c2019
300 _a120
650 _aSPORTS REHAB.
942 _2ddc
_cTH
999 _c20681
_d20681